Central Library OPAC University of Rajshahi

বাংলাদেশের প্রাথমিক ও মাধ্যমিক স্তরের শিক্ষা ব্যবস্থায় চারুকলা : (Record no. 77911)

MARC details
000 -LEADER
fixed length control field 02026nam a2200313 a 4500
001 - CONTROL NUMBER
control field 77911
003 - CONTROL NUMBER IDENTIFIER
rucl marc code BD-RjUL
005 - DATE AND TIME OF LATEST TRANSACTION
control field 20211209083049.0
008 - FIXED-LENGTH DATA ELEMENTS--GENERAL INFORMATION
fixed length control field 210209s 2009bg a|||| m||| 00| 0 ben d
035 ## - SYSTEM CONTROL NUMBER
System control number (BD-RjUL)78137
040 ## - CATALOGING SOURCE
Original cataloging agency BD-RjUL
Language of cataloging ben / eng
Transcribing agency BD-RjUL
Modifying agency BD-RjUL
041 ## - LANGUAGE CODE
Language code of text/sound track or separate title ben
082 ## - DEWEY DECIMAL CLASSIFICATION NUMBER
Classification number 700.07105492
Author mark and year TAB 2009
Edition number 23
100 ## - MAIN ENTRY--PERSONAL NAME
Personal name তানবিন, শেখ
9 (RLIN) 244647
245 10 - TITLE STATEMENT
Title বাংলাদেশের প্রাথমিক ও মাধ্যমিক স্তরের শিক্ষা ব্যবস্থায় চারুকলা :
Remainder of title সমস্যা ও সম্ভাবনা /
Statement of responsibility, etc. শেখ তানবিন ;
Linkage তত্ত্বাবধায়ক : বিলকিস বেগম
260 ## - PUBLICATION, DISTRIBUTION, ETC. (IMPRINT)
Place of publication, distribution, etc. রাজশাহী :
Name of publisher, distributor, etc. চারুকলা বিভাগ, রাজশাহী বিশ্ববিদ্যালয়,
Date of publication, distribution, etc. ২০০৯
300 ## - PHYSICAL DESCRIPTION
Pagination xxi, ৩৬২ পাতা :
Illustrations চিএ ;
Size ২৯ সেমি.
502 ## - DISSERTATION NOTE
Dissertation note থিসিস (পিএইচ, ডি.) -- চারুকলা বিভাগ, রাজশাহী বিশ্ববিদ্যালয়, ২০০৯
504 ## - BIBLIOGRAPHY, ETC. NOTE
Bibliography, etc নির্বাচিত গ্রন্থ ও নিবন্ধপঞ্জি : পাতা ৩২৯-৩৩৯
600 ## - SUBJECT ADDED ENTRY--PERSONAL NAME
Personal name
Titles and other words associated with a name
Dates associated with a name
General subdivision
Chronological subdivision
650 ## - SUBJECT ADDED ENTRY--TOPICAL TERM
Topical term or geographic name as entry element চারুকলা
General subdivision অধ্যয়ন এবং পাঠদান (প্রাথমিক)
Geographic subdivision বাৎলাদেশ
9 (RLIN) 244648
Topical term or geographic name as entry element Fine arts
General subdivision Study and teaching (Elementary)
Geographic subdivision Bangladesh
9 (RLIN) 244649
Topical term or geographic name as entry element চারুকলা
General subdivision অধ্যয়ন এবং শিক্ষাদান (উচ্চতর)
Geographic subdivision বাৎলাদেশ
9 (RLIN) 244665
Topical term or geographic name as entry element শিক্ষায় চারুকলা
9 (RLIN) 148209
Topical term or geographic name as entry element Art In Education
9 (RLIN) 244666
Topical term or geographic name as entry element Fine arts
General subdivision Study and teaching (Higher)
Geographic subdivision Bangladesh
9 (RLIN) 244667
700 ## - ADDED ENTRY--PERSONAL NAME
Personal name বেগম, বিলকিস, তত্ত্বাবধায়ক
942 ## - ADDED ENTRY ELEMENTS (KOHA)
Source of classification or shelving scheme Dewey Decimal Classification
Koha item type Theses
Holdings
Lost status Source of classification or shelving scheme Damaged status Not for loan Collection code Permanent Location Current Location Shelving location Date acquired Source of acquisition Total Checkouts Full call number Date last seen Copy number Koha item type
  Dewey Decimal Classification   Not For Loan Theses Central Library, University of Rajshahi Central Library, University of Rajshahi Documentation Section 08/04/2010 Controller of Exam. R.U   BTHE 700.07105492 TAB 2009 09/02/2021 C-1 Theses